LDR 00616naa#a2200193#i#450# 001 EN\\bibl\121195 005 20260513011403.3 011 ## _a2409-1073 100 ## _a20141121b2014####ek#y0engy0150####ca 101 0# _aRUS 102 ## _aRU 200 1# _aCompetence of Administrative Staff in the Commercialization of High-Tech Products (Reality and Possibilities) _eJournal article 210 1# _aMoscow _cNational Research University of Electronic Technology _d2014 215 ## _a7 с. 608 ## _aJournal article _2local 675 ## _a. 005.3:339.13 _zRUS 700 #1 _aAkulcheva _gM V 700 #1 _aSedova _gO V 856 4# _aesgi-journal.ru _u